El espíritu de la Ilustración / (Record no. 90527)

MARC details
000 -LEADER
campo de control de longitud fija 01063cam a2200313 i 4500
001 - NÚMERO DE CONTROL
campo de control 109947
005 - FECHA Y HORA DE LA ÚLTIMA TRANSACCIÓN
campo de control 20230410132934.0
008 - DATOS DE LONGITUD FIJA--INFORMACIÓN GENERAL
campo de control de longitud fija 130513b2008 sp a 000 0 spa
020 ## - NÚMERO INTERNACIONAL ESTÁNDAR DEL LIBRO
Número Internacional Estándar del Libro 9788467230420 (Círculo de lectores)
020 ## - NÚMERO INTERNACIONAL ESTÁNDAR DEL LIBRO
Número Internacional Estándar del Libro 9788481097269 (Galaxia Gutenberg)
050 14 - SIGNATURA TOPOGRÁFICA DE LA BIBLIOTECA DEL CONGRESO
Número de clasificación B 1925
Número de ítem T639e 2008
082 00 - NÚMERO DE LA CLASIFICACIÓN DECIMAL DEWEY
Número de clasificación 190
100 1# - ENTRADA PRINCIPAL--NOMBRE DE PERSONA
Nombre de persona Todorov, Tzvetan,
Fechas asociadas al nombre 1939-
245 13 - MENCIÓN DEL TÍTULO
Título El espíritu de la Ilustración /
Mención de responsabilidad, etc. Tzvetan Todorov ; traducción de Noemí Sobregués.
260 ## - PUBLICACIÓN, DISTRIBUCIÓN, ETC.
Lugar de publicación, distribución, etc. Barcelona :
Nombre del editor, distribuidor, etc. Círculo de Lectores :
-- Galaxia Gutenberg,
Fecha de publicación, distribución, etc. 2008.
300 ## - DESCRIPCIÓN FÍSICA
Extensión 149 p. ;
Dimensiones 21 cm.
504 0# - NOTA DE BIBLIOGRAFÍA, ETC.
Nota de bibliografía, etc. aIncluye bibliografía.
500 ## - NOTA GENERAL
Nota general Título original : L'esprit des lumières
650 #0 - PUNTO DE ACCESO ADICIONAL DE MATERIA--TÉRMINO DE MATERIA
Término de materia o nombre geográfico como elemento de entrada Enlightenment.
650 #0 - PUNTO DE ACCESO ADICIONAL DE MATERIA--TÉRMINO DE MATERIA
Término de materia o nombre geográfico como elemento de entrada Philosophy, French |y 18th century.
651 #0 - PUNTO DE ACCESO ADICIONAL DE MATERIA--NOMBRE GEOGRÁFICO
Nombre geográfico France |x Intellectual life |y 18th century.
650 #4 - PUNTO DE ACCESO ADICIONAL DE MATERIA--TÉRMINO DE MATERIA
Término de materia o nombre geográfico como elemento de entrada Filosofía moderna
Subdivisión cronológica Siglo XVIII.
650 #4 - PUNTO DE ACCESO ADICIONAL DE MATERIA--TÉRMINO DE MATERIA
Término de materia o nombre geográfico como elemento de entrada Ilustración.
650 #4 - PUNTO DE ACCESO ADICIONAL DE MATERIA--TÉRMINO DE MATERIA
Término de materia o nombre geográfico como elemento de entrada Siglo de las luces.
650 #4 - PUNTO DE ACCESO ADICIONAL DE MATERIA--TÉRMINO DE MATERIA
Término de materia o nombre geográfico como elemento de entrada Primera Jornada de Catalogacion
700 1# - ENTRADA AGREGADA--NOMBRE PERSONAL
Nombre de persona aSobregués, Noemí,
Término indicativo de función/relación tr.
856 42 - LOCALIZACIÓN Y ACCESO ELECTRÓNICOS
Materiales especificados
Identificador Uniforme de Recursos <a href=""></a>
942 ## - ELEMENTOS DE ENTRADA SECUNDARIOS (KOHA)
Fuente del sistema de clasificación o colocación Clasificación de Library of Congress
Tipo de ítem Koha
Holdings
Estatus retirado Estado de pérdida Fuente del sistema de clasificación o colocación Estado de daño No para préstamo Colección Biblioteca de origen Biblioteca actual Ubicación en estantería Fecha de adquisición Signatura topográfica completa Código de barras Visto por última vez Copia número Tipo de ítem Koha
    Clasificación de Library of Congress     Humanidades Biblioteca Juan Bosch Biblioteca Juan Bosch Humanidades (4to. Piso) 10/04/2023 B 1925 T639e 2008 00000103884 17/11/2018 1